Click to Translate - Hindi - Statistics

General Stats
  • This quiz has been taken 2,533 times
    1,691 since last reset
  • The average score is 14 of 20
Answer Stats
Hint Answer % Correct
Hello नमस्ते (namaste)
93%
Tea चाय (chaay)
90%
Name नाम (naam)
88%
Mother माता (maata)
87%
Three तीन (teen)
83%
No नहीं (nahin)
81%
House घर (ghar)
72%
Milk दूध (doodh)
71%
Sky आसमान (aasman)
68%
Shop दुकान (dukaan)
67%
Tomorrow कल (kal)
67%
Cold ठंडा (thanda)
67%
Yellow पीला (peela)
66%
Train रेल गाडी (rel gaadee)
66%
Cow गाय (gaay)
65%
Holiday छुट्टी (chhuttee)
63%
Hour घंटा (ghanta)
63%
Bicycle साइकिल (saikil)
62%
Please कृप्या (krpya)
61%
Tree पेड़ (ped)
57%
No matching quizzes found
Score Distribution
Percent of People with Each Score
Percentile by Number Answered
Your Score History
You have not taken this quiz since the last reset